000 01811nam0a2200373 4500
001 RU\NLR\bibl\1723431
005 20260409074440.0
010 _a978-5-397-01595-0
021 _aRU
_b2010-99039
_96686
035 _a(NLR Aleph) 001714411
090 _a1300332
_c1300332
100 _a20110117d2011 u y0rusy50 ca
101 0 _arus
102 _aRU
105 _ay |||||||||
200 1 _aМировоззрение и мировоззрения
_eочерки и характеристики
_e[Л. Бергсон, У. Джемс, И. Дицген, Л. Толстой, Ф. Ницше]
_fП.С. Юшкевич
205 _aИзд. 2-е
210 _aМосква
_cURSS
_cЛИБРОКОМ
_d2011
215 _a183 c.
_d22
225 1 _aИз наследия мировой философской мысли: великие философы
606 _aМировоззрение (филос.)
_3RU\NLR\auth\661294710
_92149692
686 _aЮ0в01
686 _aЮ3(2)6-642
700 1 _4070
_8rus
_7ca
_aЮшкевич
_bП. С.
_f1873-1945
_gПавел Соломонович
_3RU\NLR\auth\7787910
_970838
702 1 _4570
_8rus
_7ca
_aБергсон
_bА.
_f1859-1941
_gАнри
_3RU\NLR\auth\7719801
_92872
702 1 _4570
_8rus
_7ca
_aДжеймс
_bУ.
_cфилософ, психолог
_f1842-1910
_gУильям
_3RU\NLR\auth\7777609
_960537
702 1 _4570
_8rus
_7ca
_aДицген
_bИ.
_f1828-1888
_gИосиф
_3RU\NLR\auth\7791049
_973976
702 1 _4570
_8rus
_7ca
_aТолстой
_bЛ. Н.
_f1828-1910
_gЛев Николаевич
_3RU\NLR\auth\771515
_9111537
702 1 _4570
_8rus
_7ca
_aНицше
_bФ. В.
_f1844-1900
_gФридрих Вильгельм
_3RU\NLR\auth\772013
_9112030
801 0 _aRU
_bNLR
_c20110117
_gRCR
801 1 _aRU
_bNLR
_c20110117
942 _cBOOK
980 _aNB